000 00615nam a22002297a 4500
003 UA-OsUOA
001 20321
007 ta
008 20031021b un ||||| |||| 00| 0 ukr d
090 _a913(477)
_bЧ-20
942 _cBK
040 _aUA-OsUOA
_bukr
_cUA-OsUOA
_dUA-OsUOA
245 _aЧарівними стежками
_cРед. В.Кандіусов
300 _a117 с.
955 _a0
041 _aukr
080 _a913(477)
260 _aЗапоріжжя
_bЗапорізьке книжково-газетне видавництво
_c1962
044 _aUA
650 7 _2UDC
999 _c306497
_d306497